[Event "SRB-chT 2nd League"]
[Site "Novi Sad"]
[Date "2023.11.03"]
[Round "2.2"]
[White "Indjic, Dusan"]
[Black "Pletl, Akos"]
[Result "1-0"]
[WhiteElo "2304"]
[BlackElo "2162"]
[PlyCount "99"]
[EventDate "2023.11.02"]
[EventType "team-tourn"]
[EventRounds "11"]
[EventCountry "SRB"]
[SourceTitle "CB46_2023"]
[SourceDate "2023.11.15"]
[SourceVersion "1"]
[SourceVersionDate "2023.11.15"]
[SourceQuality "1"]
[WhiteTeam "Stara Pazova"]
[BlackTeam "Senta"]
[WhiteTeamCountry "SRB"]
[BlackTeamCountry "SRB"]

1. d4 d5 2. c4 c6 3. Nc3 e5 4. e3 exd4 5. exd4 Nf6 6. Nf3 Be6 7. Qb3 Qb6 8. c5 Qc7 9. Bf4 Qc8 10. Bd3 h6 11. 0-0 Be7 12. Qc2 0-0 13. b4 Nh5 14. Bd2 b6 15. Rfe1 Nf6 16. Ne5 bxc5 17. bxc5 Nbd7 18. Ng6 fxg6 19. Rxe6 Bd8 20. Re2 g5 21. Rae1 Qc7 22. g3 Rb8 23. Bf5 Kh8 24. Re6 Rb7 25. f4 g4 26. Bg6 Qc8 27. f5 Ba5 28. R1e2 Bxc3 29. Bxc3 Ne4 30. R2xe4 dxe4 31. Qxe4 Qb8 32. Qxg4 Rb1+ 33. Kg2 Nf6 34. Qf3 Nd5 35. Rxc6 Qb5 36. Re6 Nxc3 37. f6 Rb2+ 38. Kh3 Qd7 39. fxg7+ Qxg7 40. Qxc3 Rbf2 41. Qe3 R2f6 42. Rxf6 Rxf6 43. Qe8+ Rf8 44. Qe4 Rd8 45. Bf5 Rxd4 46. Qe8+ Qg8 47. Qe5+ Qg7 48. Qe8+ Qg8 49. Qxg8+ Kxg8 50. c6 1-0

[Event "SRB-chT 2nd League"]
[Site "Vrnjacka Banja"]
[Date "2022.11.08"]
[Round "6.2"]
[White "Pletl, Akos"]
[Black "Levnajic, Pavle"]
[Result "1-0"]
[WhiteElo "2174"]
[BlackElo "2156"]
[PlyCount "117"]
[EventDate "2022.11.04"]
[EventType "team-tourn"]
[EventRounds "11"]
[EventCountry "SRB"]
[SourceTitle "CBM 211 Extra"]
[Source "ChessBase"]
[SourceDate "2023.01.31"]
[SourceVersion "1"]
[SourceVersionDate "2023.01.31"]
[SourceQuality "1"]
[WhiteTeam "Senta"]
[BlackTeam "Krajisnik Krajina"]
[WhiteTeamCountry "SRB"]
[BlackTeamCountry "SRB"]

1. d4 d6 2. c4 Nf6 3. Nc3 Nbd7 4. g3 e5 5. Nf3 c6 6. dxe5 dxe5 7. Bg2 Be7 8. 0-0 0-0 9. Qc2 Qc7 10. b3 Re8 11. Bb2 Bf8 12. Rfd1 a5 13. Na4 Nc5 14. Nxc5 Bxc5 15. e3 Bg4 16. h3 Bh5 17. Qf5 Bxf3 18. Bxf3 Re6 19. Bg2 Qe7 20. g4 h6 21. Rd2 Bb4 22. Rdd1 Rf8 23. a3 Bc5 24. Bc3 Bxa3 25. Bxa5 Bc5 26. Bc3 Nh7 27. Ra2 g6 28. Qd3 Qg5 29. b4 Be7 30. Rad2 h5 31. Qe2 Nf6 32. f3 hxg4 33. fxg4 Kg7 34. Ra2 Rd8 35. Rxd8 Bxd8 36. Rd2 Bc7 37. c5 e4 38. Rd7 Be5 39. Bxe5 Qxe5 40. Rxb7 Nd5 41. Qd2 Rf6 42. Qe1 Qg5 43. Qg3 Nxe3 44. h4 Qf4 45. Qxf4 Rxf4 46. Bh3 Nd5 47. b5 cxb5 48. c6 e3 49. Rxb5 e2 50. Rb1 Nc3 51. Re1 Rc4 52. Bg2 Rxg4 53. Kf2 Rxh4 54. Ke3 f5 55. Kd3 Ne4 56. Rxe2 Kf6 57. Bxe4 Rxe4 58. c7 Rxe2 59. Kxe2 1-0

[Event "Vojvodina-chT 21st"]
[Site "Backa Palanka"]
[Date "2021.10.28"]
[Round "9.5"]
[White "Gavric, Zivojin"]
[Black "Pletl, Akos"]
[Result "0-1"]
[WhiteElo "2144"]
[BlackElo "2201"]
[PlyCount "134"]
[EventDate "2021.10.23"]
[EventType "team-tourn"]
[EventRounds "11"]
[EventCountry "SRB"]
[SourceTitle "CBM 204 Extra"]
[Source "ChessBase"]
[SourceDate "2021.11.30"]
[SourceVersion "1"]
[SourceVersionDate "2021.11.30"]
[SourceQuality "1"]
[WhiteTeam "Nova Pazova Mladost"]
[BlackTeam "Senta"]
[WhiteTeamCountry "SRB"]
[BlackTeamCountry "SRB"]

1. e4 e5 2. Nf3 Nc6 3. Bb5 a6 4. Bxc6 dxc6 5. d4 exd4 6. Qxd4 Qxd4 7. Nxd4 c5 8. Ne2 Bd7 9. Nbc3 0-0-0 10. Bf4 Bc6 11. 0-0 Ne7 12. Rad1 Re8 13. f3 Ng6 14. Bg3 Ne5 15. Bxe5 Rxe5 16. Nf4 c4 17. g4 Bc5+ 18. Kg2 b5 19. Nce2 g6 20. Nd4 Bb7 21. c3 Rd8 22. Nc2 Bd6 23. Rf2 f5 24. exf5 gxf5 25. g5 Rg8 26. h4 h6 27. Nh3 hxg5 28. hxg5 Re7 29. Nd4 Rf7 30. Re1 Kd7 31. Rd2 Rh8 32. Rh1 c5 33. Ne2 Kc7 34. Rhd1 Bxf3+ 35. Kxf3 Rxh3+ 36. Kg2 Rd3 37. Rxd3 cxd3 38. Rxd3 Rg7 39. Rh3 Rxg5+ 40. Kf3 a5 41. b3 Kc6 42. Rh8 Kd5 43. Ra8 Bc7 44. Rc8 Rg7 45. Rf8 Ke6 46. Re8+ Re7 47. Rf8 Rh7 48. Re8+ Kd7 49. Rf8 Rh3+ 50. Kg2 Re3 51. Kf2 f4 52. Rf7+ Kc6 53. Rf5 a4 54. Rf6+ Bd6 55. bxa4 bxa4 56. Rf7 Rd3 57. Nxf4 Rxc3 58. Ne2 Rc2 59. Ke3 Rxa2 60. Nc3 Ra3 61. Kd2 Be5 62. Nd1 Bd4 63. Ra7 Kb5 64. Kc2 Rh3 65. Rb7+ Kc4 66. Nb2+ Bxb2 67. Kxb2 Rb3+ 0-1

[Event "Vojvodina-chT 21st"]
[Site "Backa Palanka"]
[Date "2021.10.26"]
[Round "6.5"]
[White "Pletl, Akos"]
[Black "Babic, Damir M"]
[Result "1/2-1/2"]
[WhiteElo "2201"]
[BlackElo "2088"]
[PlyCount "56"]
[EventDate "2021.10.23"]
[EventType "team-tourn"]
[EventRounds "11"]
[EventCountry "SRB"]
[SourceTitle "CBM 204 Extra"]
[Source "ChessBase"]
[SourceDate "2021.11.30"]
[SourceVersion "1"]
[SourceVersionDate "2021.11.30"]
[SourceQuality "1"]
[WhiteTeam "Senta"]
[BlackTeam "Rastina Polet"]
[WhiteTeamCountry "SRB"]
[BlackTeamCountry "SRB"]

1. d4 d5 2. c4 e6 3. g3 Nf6 4. Bg2 b6 5. Nf3 Bb7 6. 0-0 Be7 7. Bf4 0-0 8. Nbd2 Nbd7 9. Qc2 c5 10. dxc5 Bxc5 11. Ne5 Qe7 12. Ndf3 Nxe5 13. Nxe5 h6 14. cxd5 Bxd5 15. Rfd1 Bxg2 16. Kxg2 Qb7+ 17. Kg1 Rac8 18. Qa4 b5 19. Qb3 g5 20. Be3 Qe4 21. Bxc5 Rxc5 22. Nd3 Rf5 23. Re1 h5 24. Qb4 Qxb4 25. Nxb4 Rc5 26. Rac1 Rfc8 27. Nd3 Rxc1 28. Rxc1 Rxc1+ 1/2-1/2

[Event "Senta op 25th"]
[Site "Senta"]
[Date "2021.07.23"]
[Round "8"]
[White "Rogac, Srdjan"]
[Black "Pletl, Akos"]
[Result "1/2-1/2"]
[WhiteElo "2320"]
[BlackElo "2207"]
[PlyCount "109"]
[EventDate "2021.07.17"]
[EventType "swiss"]
[EventRounds "9"]
[EventCountry "SRB"]
[SourceTitle "EXT 2022"]
[Source "ChessBase"]
[SourceDate "2021.10.06"]
[SourceVersion "1"]
[SourceVersionDate "2021.10.06"]
[SourceQuality "1"]

1. c4 c6 2. Nf3 d5 3. b3 Bf5 4. Bb2 e6 5. g3 Nf6 6. Bg2 h6 7. 0-0 Be7 8. d3 a5 9. a3 Nbd7 10. Nbd2 0-0 11. Rc1 Rc8 12. Rc2 Nc5 13. cxd5 cxd5 14. Qa1 Ncd7 15. Rxc8 Qxc8 16. Rc1 Qb8 17. Bc3 Qa8 18. Ne5 Nxe5 19. Bxe5 Rc8 20. Nf3 Ne8 21. Nd4 Bg4 22. h3 Bh5 23. g4 Bg6 24. Nb5 f6 25. Bg3 Bf7 26. e4 dxe4 27. Bxe4 e5 28. d4 exd4 29. Nxd4 Nd6 30. Bg2 Bf8 31. Qb2 a4 32. Rxc8 Qxc8 33. bxa4 Qc5 34. Nb5 Nc4 35. Qd4 Qxd4 36. Nxd4 b6 37. Nc2 Nxa3 38. Nxa3 Bxa3 39. Bc6 Bb3 40. Bb8 Bb4 41. Bc7 Bc5 42. Kg2 Kf7 43. f4 g6 44. Kf3 h5 45. Kg3 hxg4 46. hxg4 Ke6 47. Bd8 Bc2 48. Bb5 Bb3 49. Bc7 Bd4 50. Bb8 Bc3 51. Kf3 Bd1+ 52. Kg3 Be1+ 53. Kh3 Bb3 54. Ba7 Ba5 55. Bb8 1/2-1/2

[Event "Senta op 25th"]
[Site "Senta"]
[Date "2021.07.22"]
[Round "7"]
[White "Pletl, Akos"]
[Black "Nikulina, Alena"]
[Result "1/2-1/2"]
[WhiteElo "2207"]
[BlackElo "1887"]
[PlyCount "79"]
[EventDate "2021.07.17"]
[EventType "swiss"]
[EventRounds "9"]
[EventCountry "SRB"]
[SourceTitle "EXT 2022"]
[Source "ChessBase"]
[SourceDate "2021.10.06"]
[SourceVersion "1"]
[SourceVersionDate "2021.10.06"]
[SourceQuality "1"]

1. d4 d5 2. c4 e6 3. g3 Nf6 4. Bg2 c6 5. Nf3 Nbd7 6. Nbd2 Bd6 7. 0-0 0-0 8. Qc2 e5 9. dxe5 Nxe5 10. Nxe5 Bxe5 11. Nf3 Bc7 12. Rd1 Qe7 13. cxd5 Nxd5 14. Ng5 Nf6 15. Be3 Bb6 16. Bf4 Re8 17. e4 Ng4 18. e5 g6 19. Rf1 Bf5 20. Be4 Bxe4 21. Nxe4 Nxe5 22. Kg2 f6 23. Qb3+ Kg7 24. Rae1 Qe6 25. Qc2 Rad8 26. Re2 Nd3 27. Bd2 Qd5 28. f3 Qxa2 29. Bc3 Ne5 30. f4 Ng4 31. h3 Ne3+ 32. Rxe3 Bxe3 33. Bxf6+ Kg8 34. Bxd8 Rxd8 35. Re1 Bb6 36. Re2 Qd5 37. Rd2 Qe6 38. Re2 Qd5 39. Rd2 Qe6 40. Re2 1/2-1/2

[Event "Vojvodina-chT 2nd League"]
[Site "Backa Palanka"]
[Date "2020.10.20"]
[Round "7.5"]
[White "Zolotic, Zoran"]
[Black "Pletl, Akos"]
[Result "1/2-1/2"]
[WhiteElo "2229"]
[BlackElo "2193"]
[PlyCount "48"]
[EventDate "2020.10.16"]
[EventType "team-tourn"]
[EventRounds "11"]
[EventCountry "SRB"]
[SourceTitle "EXT 2022"]
[Source "ChessBase"]
[SourceDate "2021.10.06"]
[SourceVersion "1"]
[SourceVersionDate "2021.10.06"]
[SourceQuality "1"]
[WhiteTeam "Mladenovo"]
[BlackTeam "Senta"]
[WhiteTeamCountry "SRB"]
[BlackTeamCountry "SRB"]

1. Nf3 Nf6 2. c4 c5 3. Nc3 Nc6 4. g3 g6 5. Bg2 Bg7 6. 0-0 0-0 7. d4 cxd4 8. Nxd4 d6 9. Nxc6 bxc6 10. Bxc6 Rb8 11. Bg2 Ng4 12. Qa4 Bxc3 13. bxc3 Qc7 14. h3 Ne5 15. Be3 a5 16. c5 dxc5 17. Bf4 Ba6 18. Bxe5 Qxe5 19. Qxa5 Bc4 20. Rab1 Rxb1 21. Rxb1 Qxe2 22. Qxc5 Qxa2 23. Re1 e6 24. Qe3 Rb8 1/2-1/2

[Event "Vojvodina-chT 2nd League"]
[Site "Backa Palanka"]
[Date "2020.10.18"]
[Round "3.5"]
[White "Joksimovic, Dragoljub"]
[Black "Pletl, Akos"]
[Result "0-1"]
[WhiteElo "2125"]
[BlackElo "2193"]
[PlyCount "72"]
[EventDate "2020.10.16"]
[EventType "team-tourn"]
[EventRounds "11"]
[EventCountry "SRB"]
[SourceTitle "EXT 2022"]
[Source "ChessBase"]
[SourceDate "2021.10.06"]
[SourceVersion "1"]
[SourceVersionDate "2021.10.06"]
[SourceQuality "1"]
[WhiteTeam "Opovo Bata Cosic"]
[BlackTeam "Senta"]
[WhiteTeamCountry "SRB"]
[BlackTeamCountry "SRB"]

1. c4 c5 2. Nc3 g6 3. g3 Bg7 4. Bg2 Nf6 5. e3 0-0 6. d4 Nc6 7. Nge2 cxd4 8. exd4 d6 9. 0-0 Bf5 10. b3 Qd7 11. Re1 Nb4 12. Nf4 Nc2 13. Ncd5 Nxe1 14. Qxe1 Nxd5 15. Nxd5 e6 16. Nc3 Bxd4 17. Bh6 Rfe8 18. Rd1 Bh8 19. Nb5 d5 20. Bf4 e5 21. Bc1 d4 22. Ba3 Re6 23. Bb4 Bf6 24. a4 Bc2 25. Bh3 Bxd1 26. Bxe6 Qxe6 27. Qxd1 Qc6 28. c5 b6 29. cxb6 axb6 30. Qd3 Rd8 31. f3 Bg5 32. Kg2 f5 33. h4 Be3 34. Qc4+ Qxc4 35. bxc4 d3 36. Nc3 Bd2 0-1

[Event "Vojvodina-chT 2nd League"]
[Site "Backa Palanka"]
[Date "2020.10.18"]
[Round "4.4"]
[White "Sibinovic, Zoran"]
[Black "Pletl, Akos"]
[Result "1/2-1/2"]
[WhiteElo "2107"]
[BlackElo "2193"]
[PlyCount "62"]
[EventDate "2020.10.16"]
[EventType "team-tourn"]
[EventRounds "11"]
[EventCountry "SRB"]
[SourceTitle "EXT 2022"]
[Source "ChessBase"]
[SourceDate "2021.10.06"]
[SourceVersion "1"]
[SourceVersionDate "2021.10.06"]
[SourceQuality "1"]
[WhiteTeam "Starcevo Borac"]
[BlackTeam "Senta"]
[WhiteTeamCountry "SRB"]
[BlackTeamCountry "SRB"]

1. c4 c5 2. Nc3 g6 3. d4 cxd4 4. Qxd4 Nf6 5. e4 Nc6 6. Qd1 Bg7 7. Rb1 0-0 8. Nf3 d6 9. Be2 Nd7 10. Nd5 Nc5 11. Qc2 Nxe4 12. b4 Nf6 13. 0-0 Bf5 14. Bd3 Bg4 15. Nxf6+ Bxf6 16. Be4 Rc8 17. Be3 Qc7 18. Rfc1 Rfd8 19. Qa4 Bxf3 20. gxf3 Nd4 21. Kg2 Ne2 22. Qxa7 Nxc1 23. Rxc1 Rd7 24. Bb6 Qb8 25. Qa4 Rcc7 26. Bxc7 Rxc7 27. Qb5 Qc8 28. Qd5 Be5 29. a4 e6 30. Qb5 Qd8 31. Rc2 d5 1/2-1/2

[Event "Senta op 23rd"]
[Site "Senta"]
[Date "2019.07.22"]
[Round "5"]
[White "Pletl, Akos"]
[Black "Sirotanovic, Obrad"]
[Result "1-0"]
[WhiteElo "2220"]
[BlackElo "2194"]
[PlyCount "115"]
[EventDate "2019.07.19"]
[EventType "swiss"]
[EventRounds "9"]
[EventCountry "SRB"]
[SourceTitle "EXT 2020"]
[Source "ChessBase"]
[SourceDate "2019.10.17"]
[SourceVersion "1"]
[SourceVersionDate "2019.10.17"]
[SourceQuality "1"]

1. d4 Nf6 2. c4 g6 3. Nc3 Bg7 4. e4 d6 5. Bg5 h6 6. Be3 0-0 7. f3 e5 8. d5 Nh5 9. Qd2 f5 10. Bd3 f4 11. Bf2 Nd7 12. g4 Nhf6 13. Nge2 Nc5 14. Bc2 a5 15. Nc1 Ne8 16. Ba4 Bf6 17. h4 Ng7 18. Nd3 Nxa4 19. Nxa4 Bd7 20. Nc3 b6 21. b3 Be7 22. a3 Qc8 23. Nb5 Bd8 24. Qb2 a4 25. Nb4 axb3 26. Qxb3 Kh7 27. Ke2 Be7 28. a4 Qb7 29. Ra2 Ra5 30. Rha1 Qc8 31. Be1 Bxg4 32. Nc6 Bf6 33. Nxa5 bxa5 34. fxg4 f3+ 35. Qxf3 Bxh4 36. Qg2 Rf4 37. Bxh4 Rxg4 38. Qh1 c6 39. Nxd6 Qd7 40. Rg1 cxd5 41. Rxg4 Qxg4+ 42. Ke1 d4 43. Rf2 Qe6 44. Rf6 Qg4 45. Rf7 d3 46. Qh2 g5 47. Ne8 Qxe4+ 48. Kd2 Qd4 49. Rxg7+ Kh8 50. Qf2 Qb2+ 51. Kxd3 Qb3+ 52. Ke4 Qb1+ 53. Kd5 Qd3+ 54. Kc5 Qa3+ 55. Kb6 Qb4+ 56. Ka7 gxh4 57. Rh7+ Kxh7 58. Qf7+ 1-0

[Event "Senta op 23rd"]
[Site "Senta"]
[Date "2019.07.21"]
[Round "4"]
[White "Drazic, Sinisa"]
[Black "Pletl, Akos"]
[Result "1-0"]
[WhiteElo "2363"]
[BlackElo "2220"]
[PlyCount "69"]
[EventDate "2019.07.19"]
[EventType "swiss"]
[EventRounds "9"]
[EventCountry "SRB"]
[SourceTitle "EXT 2020"]
[Source "ChessBase"]
[SourceDate "2019.10.17"]
[SourceVersion "1"]
[SourceVersionDate "2019.10.17"]
[SourceQuality "1"]

1. d4 Nf6 2. Bg5 d6 3. c4 Nbd7 4. Nc3 g6 5. e3 Bg7 6. Be2 e5 7. Nf3 h6 8. Bh4 g5 9. Bg3 Nh5 10. dxe5 Nxg3 11. hxg3 dxe5 12. g4 0-0 13. Ne4 Nf6 14. Nfd2 Nxe4 15. Nxe4 Qe7 16. 0-0 Be6 17. Ng3 Rad8 18. Qc2 Rd7 19. Qe4 c6 20. Bd3 Rfd8 21. Qh7+ Kf8 22. Bf5 f6 23. Bxe6 Qxe6 24. Qe4 Rd2 25. b3 Kg8 26. Nf5 Qd7 27. c5 Bf8 28. b4 Qd5 29. Ng3 Qd3 30. a3 Bg7 31. Qf3 Qg6 32. Rad1 R2d3 33. Nf5 Bf8 34. Rxd3 Rxd3 35. Qe4 1-0

[Event "Senta op 23rd"]
[Site "Senta"]
[Date "2019.07.19"]
[Round "1"]
[White "Pletl, Akos"]
[Black "Kandjolas, Konstantin"]
[Result "1/2-1/2"]
[WhiteElo "2220"]
[BlackElo "1860"]
[PlyCount "79"]
[EventDate "2019.07.19"]
[EventType "swiss"]
[EventRounds "9"]
[EventCountry "SRB"]
[SourceTitle "EXT 2020"]
[Source "ChessBase"]
[SourceDate "2019.10.17"]
[SourceVersion "1"]
[SourceVersionDate "2019.10.17"]
[SourceQuality "1"]

1. d4 d5 2. c4 e6 3. Nc3 c6 4. cxd5 exd5 5. Nf3 Bf5 6. Bf4 Nf6 7. e3 Qb6 8. Qc1 Nbd7 9. Be2 Be7 10. 0-0 0-0 11. Ne5 Nxe5 12. Bxe5 Ne4 13. Nxe4 Bxe4 14. Bg4 Rad8 15. Rd1 Bd6 16. Bxd6 Rxd6 17. f3 Bg6 18. Qc5 Qxc5 19. dxc5 Rdd8 20. Rd4 Rfe8 21. Kf2 Re7 22. Rc1 Rde8 23. Rc3 f5 24. Bh3 Rf8 25. g3 h6 26. Bf1 Be8 27. b4 a6 28. a4 Bd7 29. b5 axb5 30. axb5 Ra8 31. Rc2 Ra3 32. Rd3 Ra5 33. Rd4 Re8 34. Bd3 Rea8 35. e4 fxe4 36. fxe4 Be6 37. bxc6 bxc6 38. Rb4 Ra3 39. exd5 Bxd5 40. Be4 1/2-1/2

[Event "Subotica City-ch"]
[Site "Subotica"]
[Date "2019.02.27"]
[Round "2"]
[White "Pletl, Akos"]
[Black "Avram, Veso"]
[Result "0-1"]
[WhiteElo "2214"]
[BlackElo "2027"]
[PlyCount "84"]
[EventDate "2019.02.25"]
[EventType "swiss"]
[EventRounds "9"]
[EventCountry "SRB"]
[SourceTitle "CBM 189 Extra"]
[Source "ChessBase"]
[SourceDate "2019.06.03"]
[SourceVersion "1"]
[SourceVersionDate "2019.06.03"]
[SourceQuality "1"]

1. d4 Nf6 2. c4 e6 3. Nc3 Bb4 4. f3 d5 5. a3 Bxc3+ 6. bxc3 h6 7. Qc2 Nbd7 8. cxd5 exd5 9. e4 dxe4 10. fxe4 0-0 11. e5 Nd5 12. Nf3 Re8 13. Bc4 Nf8 14. 0-0 Be6 15. Bd3 c6 16. a4 a6 17. a5 c5 18. Bd2 cxd4 19. cxd4 Rc8 20. Qb1 Rc7 21. Qe1 Ng6 22. Qg3 Nde7 23. Bb4 Bc4 24. Bxc4 Rxc4 25. Bc5 Nc6 26. Qf2 Qd5 27. Nd2 Rc2 28. Rfc1 Rxc1+ 29. Rxc1 Nxa5 30. Rb1 b5 31. Ra1 Nc4 32. Nxc4 bxc4 33. Rxa6 Rb8 34. Ra1 c3 35. Rc1 Rb2 36. Qf3 Qxf3 37. gxf3 Nf4 38. Kf1 Nd5 39. f4 Rxh2 40. Kg1 Rd2 41. Kf1 c2 42. Ke1 Rh2 0-1

[Event "Subotica City-ch"]
[Site "Subotica"]
[Date "2019.02.25"]
[Round "1"]
[White "Bicskei, Mihaly"]
[Black "Pletl, Akos"]
[Result "0-1"]
[WhiteElo "1892"]
[BlackElo "2214"]
[PlyCount "58"]
[EventDate "2019.02.25"]
[EventType "swiss"]
[EventRounds "9"]
[EventCountry "SRB"]
[SourceTitle "CBM 189 Extra"]
[Source "ChessBase"]
[SourceDate "2019.06.03"]
[SourceVersion "1"]
[SourceVersionDate "2019.06.03"]
[SourceQuality "1"]

1. e4 Nf6 2. Nc3 d6 3. d4 Nbd7 4. f4 e5 5. Nf3 exd4 6. Nxd4 Nc5 7. Bd3 Bg4 8. Nf3 Qe7 9. 0-0 0-0-0 10. h3 Be6 11. f5 Bd7 12. Bg5 Bc6 13. Nd5 Bxd5 14. exd5 h6 15. Re1 Qd7 16. Bxf6 gxf6 17. b4 Nxd3 18. Qxd3 h5 19. a4 Bh6 20. b5 Rhg8 21. Nd4 Rde8 22. a5 Rxe1+ 23. Rxe1 Re8 24. Re4 Re5 25. Nc6 bxc6 26. bxc6 Qe8 27. Qa6+ Kd8 28. Rxe5 Qxe5 29. Qb5 Qe1+ 0-1

[Event "Senta op 22nd"]
[Site "Senta"]
[Date "2018.07.21"]
[Round "9"]
[White "Damjanovic, Vuk"]
[Black "Pletl, Akos"]
[Result "1/2-1/2"]
[WhiteElo "1939"]
[BlackElo "2240"]
[PlyCount "67"]
[EventDate "2018.07.14"]
[EventType "swiss"]
[EventRounds "9"]
[EventCountry "SRB"]
[SourceTitle "CBM 185 Extra"]
[Source "ChessBase"]
[SourceDate "2018.07.29"]
[SourceVersion "1"]
[SourceVersionDate "2018.07.29"]
[SourceQuality "1"]

1. e4 e5 2. Nf3 d6 3. d4 Nf6 4. Nc3 Nbd7 5. Be2 c6 6. 0-0 Be7 7. Re1 0-0 8. Bf1 Re8 9. a4 Qc7 10. a5 Nf8 11. h3 Ng6 12. g3 h6 13. Be3 Bd7 14. Qd2 Nh7 15. Bg2 f5 16. exf5 Bxf5 17. dxe5 dxe5 18. Qe2 Bf6 19. Rec1 Qf7 20. Nd2 Nf4 21. Qf1 Nxg2 22. Qxg2 Ng5 23. g4 Bg6 24. Nde4 Nxe4 25. Nxe4 Be7 26. b3 Qd5 27. Nc3 Qe6 28. Ne4 Red8 29. Rd1 Rxd1+ 30. Rxd1 Rd8 31. Rxd8+ Bxd8 32. Bxa7 Bxa5 33. Be3 Qd5 34. f3 1/2-1/2

[Event "Senta op 22nd"]
[Site "Senta"]
[Date "2018.07.20"]
[Round "8"]
[White "Pletl, Akos"]
[Black "Tugstumur, Yesuntumur"]
[Result "0-1"]
[WhiteElo "2240"]
[BlackElo "2116"]
[PlyCount "64"]
[EventDate "2018.07.14"]
[EventType "swiss"]
[EventRounds "9"]
[EventCountry "SRB"]
[SourceTitle "CBM 185 Extra"]
[Source "ChessBase"]
[SourceDate "2018.07.29"]
[SourceVersion "1"]
[SourceVersionDate "2018.07.29"]
[SourceQuality "1"]

1. d4 Nf6 2. c4 g6 3. Nc3 Bg7 4. e4 d6 5. Nge2 0-0 6. Ng3 c5 7. d5 a6 8. h4 h5 9. a4 e6 10. Be2 exd5 11. exd5 Nbd7 12. Bg5 Qb6 13. Ra3 Ne5 14. Rb3 Qc7 15. 0-0 Nh7 16. Qd2 Nxg5 17. hxg5 f5 18. gxf6 Rxf6 19. Nce4 Rf8 20. Qg5 Bf5 21. Nxf5 Rxf5 22. Qg3 Qe7 23. Re3 h4 24. Qh3 Bh6 25. Rb3 Raf8 26. f3 g5 27. Re1 Bg7 28. Rb6 g4 29. fxg4 Rf4 30. Nxd6 Nxg4 31. Bxg4 Qxe1+ 32. Kh2 Be5 0-1

[Event "Palic Karadzic Memorial op"]
[Site "Palic"]
[Date "2017.11.01"]
[Round "6"]
[White "Pletl, Akos"]
[Black "Demeter, Dorina"]
[Result "1-0"]
[WhiteElo "2215"]
[BlackElo "1997"]
[PlyCount "73"]
[EventDate "2017.10.28"]
[EventType "swiss"]
[EventRounds "9"]
[EventCountry "SRB"]
[SourceTitle "CBM 181 Extra"]
[Source "ChessBase"]
[SourceDate "2017.12.12"]
[SourceVersion "1"]
[SourceVersionDate "2017.12.12"]
[SourceQuality "1"]

1. Nf3 d5 2. g3 c5 3. Bg2 Nc6 4. 0-0 Nf6 5. d3 e5 6. c4 d4 7. e3 Nd7 8. exd4 cxd4 9. a3 a5 10. Bg5 f6 11. Bc1 Nc5 12. Nh4 Be6 13. f4 e4 14. f5 Bf7 15. dxe4 Nxe4 16. Re1 Be7 17. Rxe4 0-0 18. Bf4 Bd6 19. Nd2 Bxf4 20. Rxf4 Ne5 21. Qf1 Qb6 22. Rb1 Be8 23. Nhf3 Bc6 24. Nxe5 fxe5 25. Rf2 a4 26. Qe2 Qc7 27. Re1 Rae8 28. Ne4 b5 29. Rc1 Bd7 30. f6 Be6 31. c5 Rd8 32. Ng5 Bd5 33. Qg4 Rde8 34. Rcf1 Kh8 35. f7 Re7 36. Qf5 Be4 37. Nxe4 1-0

[Event "Palic Karadzic Memorial op"]
[Site "Palic"]
[Date "2017.10.31"]
[Round "5"]
[White "Jancikin, Svetozar"]
[Black "Pletl, Akos"]
[Result "1/2-1/2"]
[WhiteElo "1938"]
[BlackElo "2215"]
[PlyCount "117"]
[EventDate "2017.10.28"]
[EventType "swiss"]
[EventRounds "9"]
[EventCountry "SRB"]
[SourceTitle "CBM 181 Extra"]
[Source "ChessBase"]
[SourceDate "2017.12.12"]
[SourceVersion "1"]
[SourceVersionDate "2017.12.12"]
[SourceQuality "1"]

1. e4 e5 2. Nf3 d6 3. Nc3 Nf6 4. d4 Nbd7 5. Be3 Be7 6. h3 c6 7. g4 Qa5 8. Qd2 a6 9. Bd3 b5 10. 0-0 Qc7 11. Ne2 d5 12. Ng3 dxe4 13. Bxe4 Nxe4 14. Nxe4 0-0 15. Ng3 Rd8 16. Nf5 Bf8 17. Rad1 e4 18. Bf4 Qb7 19. Ng5 Re8 20. Ng3 Nf6 21. Rde1 Be6 22. b3 Bd5 23. Be5 Nd7 24. N5xe4 Nxe5 25. dxe5 Rxe5 26. Qf4 Re6 27. Re3 Qb8 28. Qf3 Bc5 29. c4 Bxe4 30. Rxe4 Rf6 31. Qg2 Qd6 32. Nf5 Qd7 33. Re5 Bf8 34. Rfe1 Re6 35. Qe4 Rae8 36. f4 g6 37. Nh4 Bg7 38. Rxe6 Rxe6 39. Qb1 Qd4+ 40. Kh1 Qxf4 41. Rxe6 fxe6 42. Qd3 Qd4 43. Qxd4 Bxd4 44. cxb5 axb5 45. a4 bxa4 46. bxa4 Kf7 47. Nf3 Bc3 48. Ng5+ Ke7 49. Kg2 h6 50. Ne4 Bb4 51. Kf3 e5 52. Ke3 Ke6 53. Kd3 Kd5 54. Nf6+ Kc5 55. h4 Be1 56. h5 gxh5 57. gxh5 Kb4 58. Ng4 Kxa4 59. Nxe5 1/2-1/2

[Event "Senta op 21st"]
[Site "Senta"]
[Date "2017.07.29"]
[Round "6"]
[White "Dzaja, Martin Zorislav"]
[Black "Pletl, Akos"]
[Result "1/2-1/2"]
[WhiteElo "2016"]
[BlackElo "2217"]
[PlyCount "126"]
[EventDate "2017.07.24"]
[EventType "swiss"]
[EventRounds "9"]
[EventCountry "SRB"]
[SourceTitle "CBM 179 Extra"]
[Source "ChessBase"]
[SourceDate "2017.08.23"]
[SourceVersion "1"]
[SourceVersionDate "2017.08.23"]
[SourceQuality "1"]

1. e4 e5 2. Bc4 Nf6 3. d3 c6 4. Nf3 d5 5. exd5 cxd5 6. Bb3 Nc6 7. Bg5 Be7 8. Nc3 d4 9. Bxf6 Bxf6 10. Nd5 Bg4 11. h3 Bh5 12. g4 Bg6 13. Qe2 Qa5+ 14. Nd2 0-0-0 15. Nxf6 gxf6 16. 0-0-0 Nb4 17. f4 exf4 18. Kb1 Qc7 19. Qf2 Rhe8 20. h4 h5 21. Rhf1 hxg4 22. Qxf4 Qxf4 23. Rxf4 Nc6 24. Rxf6 Re7 25. Nc4 Kc7 26. a4 Rh8 27. Rh1 a5 28. Nd6 Rxh4 29. Rxh4 Re1+ 30. Ka2 Nb4+ 31. Ka3 Ra1+ 32. Ba2 Nxa2 33. Kb3 g3 34. Rg4 Nc1+ 35. Kc4 Ne2 36. Nb5+ Kd7 37. Rd6+ Ke7 38. Rdxg6 fxg6 39. Re4+ Kf6 40. Rxe2 Kg5 41. Kxd4 Kg4 42. Ke3 Kh3 43. Nd4 g2 44. Nf3 g1Q+ 45. Nxg1+ Rxg1 46. d4 g5 47. d5 g4 48. Ke4 g3 49. d6 Rd1 50. Ke5 g2 51. Rxg2 Kxg2 52. Ke6 Re1+ 53. Kf7 Rf1+ 54. Ke7 Re1+ 55. Kd8 Re2 56. c4 Rxb2 57. d7 Kf3 58. Kc7 Rd2 59. d8Q Rxd8 60. Kxd8 Ke4 61. Kc7 Kd4 62. Kb6 Kxc4 63. Kxa5 Kc5 1/2-1/2

[Event "Senta op 21st"]
[Site "Senta"]
[Date "2017.07.28"]
[Round "5"]
[White "Pletl, Akos"]
[Black "Peycheva, Gergana"]
[Result "0-1"]
[WhiteElo "2217"]
[BlackElo "2161"]
[PlyCount "64"]
[EventDate "2017.07.24"]
[EventType "swiss"]
[EventRounds "9"]
[EventCountry "SRB"]
[SourceTitle "CBM 179 Extra"]
[Source "ChessBase"]
[SourceDate "2017.08.23"]
[SourceVersion "1"]
[SourceVersionDate "2017.08.23"]
[SourceQuality "1"]

1. d4 Nf6 2. c4 e6 3. Nc3 Bb4 4. Qc2 0-0 5. a3 Bxc3+ 6. Qxc3 d5 7. Nf3 dxc4 8. Qxc4 b6 9. Bg5 Ba6 10. Qc2 c5 11. dxc5 Nbd7 12. Rd1 Qc7 13. c6 Rfd8 14. Rc1 Ne5 15. Nxe5 Qxe5 16. Bxf6 gxf6 17. g3 Rac8 18. Bg2 Bd3 19. Qd2 Be4 20. f4 Qf5 21. g4 Qxg4 22. Qe3 Bxg2 23. Rg1 Kh8 24. Qf2 Rg8 25. c7 Qg6 26. f5 Qh6 27. Rd1 Bd5 28. fxe6 Rxg1+ 29. Qxg1 Qh4+ 30. Kf1 fxe6 31. Rd4 Qh3+ 32. Ke1 Rxc7 0-1